[Event "5. Campeonato Iberoamericano 2014"]
[Site "Linares ESP"]
[Date "2014.07.28"]
[Round "8.9"]
[White "Alsina Leal, Daniel"]
[Black "Hoffman, Alejandro"]
[Result "0-1"]
[WhiteElo "2550"]
[BlackElo "2450"]
[PlyCount "128"]
[EventDate "2014.07.22"]
[EventType "swiss"]
[EventRounds "9"]
[EventCountry "ESP"]
[Source "lmi"]
[SourceDate "2014.07.22"]

1. e4 e5 2. Nf3 d6 3. d4 exd4 4. Nxd4 Nf6 5. Nc3 Be7 6. Qf3 O-O 7. Nf5 Bxf5 8.
Qxf5 c6 9. Be2 Re8 10. O-O Bf8 11. Re1 Nbd7 12. Be3 b5 13. Bf3 Ne5 14. Bg5 Be7
15. Rad1 b4 16. Na4 Qa5 17. Bxf6 Bxf6 18. b3 Nxf3+ 19. Qxf3 Re6 20. g3 Rae8 21.
Re3 c5 22. Rd5 Bd4 23. Re2 Qc7 24. c3 bxc3 25. Nxc3 Bxc3 26. Qxc3 Rxe4 27. Rxe4
Rxe4 28. Qf3 Re1+ 29. Kg2 g6 30. Rd3 Qe7 31. Rd2 h5 32. h4 Kg7 33. Qc3+ Kh7 34.
Qf3 Re5 35. Qc6 Re6 36. Rd3 Kg7 37. Rd1 Rf6 38. Rd2 Qe1 39. Qd5 Re6 40. Rd1 Qe2
41. Rd2 Qb5 42. Rd1 a5 43. a4 Qe2 44. Rd2 Qg4 45. Rd3 Qb4 46. Rd2 Rf6 47. Re2
Qb6 48. Re3 Rf5 49. Qa8 d5 50. Re8 c4 51. Rg8+ Kf6 52. f4 cxb3 53. Rb8 Qc7 54.
Rc8 Qe7 55. Re8 Qb4 56. Rb8 Qe4+ 57. Kh2 Qc2+ 58. Kh3 d4 59. Qb7 Rc5 60. Qd7
Qf5+ 61. Qxf5+ Kxf5 62. Rxb3 Ke4 63. Kg2 d3 64. Kf2 Rc2+ 0-1

[Event "5. Campeonato Iberoamericano 2014"]
[Site "Linares ESP"]
[Date "2014.07.28"]
[Round "8.10"]
[White "Matamoros Franco, Carlos S"]
[Black "Forcen Esteban, Daniel"]
[Result "1/2-1/2"]
[WhiteElo "2525"]
[BlackElo "2535"]
[PlyCount "48"]
[EventDate "2014.07.22"]
[EventType "swiss"]
[EventRounds "9"]
[EventCountry "ESP"]
[Source "lmi"]
[SourceDate "2014.07.22"]

1. c4 c5 2. Nc3 Nc6 3. Nf3 e5 4. g3 g6 5. Bg2 Bg7 6. a3 a5 7. d3 d6 8. Nd2 Nge7
9. Nf1 O-O 10. Ne3 Rb8 11. O-O Nd4 12. Bd2 Bd7 13. Re1 Bh6 14. Rb1 b5 15. cxb5
Nxb5 16. Nc4 Bxd2 17. Qxd2 Bc6 18. Ne4 d5 19. Nf6+ Kg7 20. Qg5 dxc4 21. Nh5+
Kg8 22. Nf6+ Kg7 23. Nh5+ Kg8 24. Nf6+ Kg7 1/2-1/2

[Event "5. Campeonato Iberoamericano 2014"]
[Site "Linares ESP"]
[Date "2014.07.28"]
[Round "8.11"]
[White "Ortiz Suarez, Isan Reynaldo"]
[Black "Vega Gutierrez, Sabrina"]
[Result "1-0"]
[WhiteElo "2592"]
[BlackElo "2400"]
[PlyCount "187"]
[EventDate "2014.07.22"]
[EventType "swiss"]
[EventRounds "9"]
[EventCountry "ESP"]
[Source "lmi"]
[SourceDate "2014.07.22"]

1. e4 c5 2. Nf3 Nf6 3. Nc3 d5 4. exd5 Nxd5 5. Bb5+ Bd7 6. Ne5 Nf6 7. Nxd7 Nbxd7
8. O-O e6 9. Re1 Bd6 10. d4 O-O 11. dxc5 Nxc5 12. Bf1 Qb6 13. Qf3 Rac8 14. Nb5
Be7 15. c4 a6 16. Nc3 Rfd8 17. b3 Qc6 18. Qe3 Ng4 19. Qg3 Bf6 20. Rb1 h5 21.
Bf4 Bd4 22. Rb2 e5 23. Bg5 f6 24. Bc1 e4 25. Nd5 Qe6 26. h3 Bxb2 27. Bxb2 Ne5
28. f4 h4 29. Qe3 Ned3 30. Re2 Nxb2 31. Rxb2 b5 32. Rd2 Kf8 33. Be2 f5 34. Rd1
Nd7 35. cxb5 axb5 36. Kh2 Nf6 37. Nxf6 Rxd1 38. Nh7+ Kg8 39. Ng5 Qd7 40. Bxd1
Qxd1 41. Qa7 Qd5 42. Qe7 Qc6 43. Qf7+ Kh8 44. Qh5+ Kg8 45. Qh7+ Kf8 46. Qh8+
Ke7 47. Qxg7+ Kd6 48. Qe5+ Kd7 49. Qxf5+ Kc7 50. Nxe4 Re8 51. Ng5 Re2 52. Qg4
Rxa2 53. Nf3 Qd5 54. b4 Ra4 55. Qg7+ Kb6 56. Qf6+ Kc7 57. Qxh4 Qd6 58. Ne5 Rxb4
59. Qh7+ Kb6 60. Qf7 Rd4 61. h4 Kc5 62. Qa7+ Kd5 63. Qf7+ Ke4 64. h5 b4 65. Nf3
Rd5 66. Kg3 b3 67. Qe8+ Kd3 68. Ne1+ Kd2 69. Nf3+ Kd3 70. Qe1 Kc2 71. Qe2+ Kc3
72. Qe1+ Kc2 73. Qe4+ Rd3 74. h6 b2 75. h7 b1=Q 76. h8=Q Qbb4 77. Qc8+ Kd1 78.
Qce8 Qxe4 79. Qxe4 Qd7 80. Kh2 Qd8 81. f5 Kc1 82. Qc4+ Kb2 83. Qb4+ Ka2 84.
Qa4+ Kb2 85. Qf4 Qh8+ 86. Kg1 Qf6 87. g4 Qc3 88. Kg2 Qc2+ 89. Kg3 Qe2 90. g5
Qe1+ 91. Kg4 Qe2 92. Qe5+ Qxe5 93. Nxe5 Rd5 94. Kf4 1-0

[Event "5. Campeonato Iberoamericano 2014"]
[Site "Linares ESP"]
[Date "2014.07.28"]
[Round "8.12"]
[White "Alonso Rosell, Alvar"]
[Black "Cruz Lledo, Pablo"]
[Result "1-0"]
[WhiteElo "2531"]
[BlackElo "2373"]
[PlyCount "87"]
[EventDate "2014.07.22"]
[EventType "swiss"]
[EventRounds "9"]
[EventCountry "ESP"]
[Source "lmi"]
[SourceDate "2014.07.22"]

1. d4 d5 2. Nf3 Nf6 3. c4 c6 4. Nc3 dxc4 5. a4 e6 6. e3 c5 7. Bxc4 Nc6 8. O-O
Be7 9. Qd3 cxd4 10. exd4 Nb4 11. Qe2 O-O 12. Rd1 Bd7 13. Ne5 Be8 14. a5 Nbd5
15. Bd2 a6 16. Na4 Bxa4 17. Rxa4 Rc8 18. b3 Qd6 19. Nd3 Qb8 20. Raa1 Rfd8 21.
Re1 Qa7 22. Be3 Ne8 23. Qg4 Bf6 24. Rad1 Nxe3 25. fxe3 Nd6 26. Nf4 Nxc4 27.
bxc4 Rxc4 28. Nh5 Kf8 29. Nxf6 gxf6 30. Qh4 Rd5 31. Qxf6 Rf5 32. Qd8+ Kg7 33.
Rf1 Rc6 34. Rxf5 exf5 35. Rb1 b5 36. axb6 Qb7 37. d5 Rg6 38. Qh4 Kg8 39. g3 h5
40. Qd8+ Kg7 41. Qc7 Qxd5 42. b7 Qf3 43. Qe5+ f6 44. Ra1 1-0

[Event "5. Campeonato Iberoamericano 2014"]
[Site "Linares ESP"]
[Date "2014.07.30"]
[Round "9.1"]
[White "Bachmann, Axel"]
[Black "Korneev, Oleg"]
[Result "1/2-1/2"]
[WhiteElo "2652"]
[BlackElo "2594"]
[PlyCount "61"]
[EventDate "2014.07.22"]
[EventType "swiss"]
[EventRounds "9"]
[EventCountry "ESP"]
[Source "lmi"]
[SourceDate "2014.07.22"]

1. d4 d5 2. c4 e6 3. Nf3 Nf6 4. g3 Be7 5. Bg2 O-O 6. O-O dxc4 7. Qc2 a6 8. a4
Bd7 9. Qxc4 Bc6 10. Bg5 Bd5 11. Qc2 Be4 12. Qc1 h6 13. Bxf6 Bxf6 14. Nc3 Bxf3
15. Bxf3 c6 16. e3 a5 17. Qc2 Na6 18. Qb3 Nb4 19. Na2 Nxa2 20. Qxa2 Qb6 21.
Rfd1 Rfd8 22. Rd3 Rd7 23. Rad1 Rad8 24. Qb1 Qb4 25. Qc2 g6 26. Be2 e5 27. dxe5
Rxd3 28. Rxd3 Rxd3 29. Bxd3 Bxe5 30. b3 Qc3 31. Qxc3 1/2-1/2

[Event "5. Campeonato Iberoamericano 2014"]
[Site "Linares ESP"]
[Date "2014.07.30"]
[Round "9.2"]
[White "Cori, Jorge"]
[Black "Milos, Gilberto"]
[Result "1-0"]
[WhiteElo "2608"]
[BlackElo "2583"]
[PlyCount "85"]
[EventDate "2014.07.22"]
[EventType "swiss"]
[EventRounds "9"]
[EventCountry "ESP"]
[Source "lmi"]
[SourceDate "2014.07.22"]

1. d4 Nf6 2. Nf3 e6 3. e3 b6 4. Bd3 Bb7 5. O-O Be7 6. b3 O-O 7. Bb2 c5 8. Nbd2
Nc6 9. a3 cxd4 10. exd4 Re8 11. Re1 Bf8 12. Ne4 Nxe4 13. Rxe4 d5 14. Rg4 g6 15.
h4 Bg7 16. h5 Qd6 17. hxg6 hxg6 18. Bb5 a6 19. Bxc6 Bxc6 20. a4 Rec8 21. Qd2
Be8 22. Ne5 Qd8 23. Rg3 b5 24. a5 Ra7 25. Rc1 Qe7 26. Bc3 Bf8 27. Nd3 Qf6 28.
Rf3 Qg7 29. Re1 Rd7 30. Bb4 Qh6 31. Qe2 Bxb4 32. Nxb4 Rdc7 33. Qe5 Qg7 34. Qf4
Bd7 35. Qd2 Ra7 36. c3 f6 37. Nd3 Re8 38. Qf4 e5 39. dxe5 fxe5 40. Rxe5 Rxe5
41. Nxe5 Bf5 42. Nxg6 Rf7 43. Ne5 1-0

[Event "5. Campeonato Iberoamericano 2014"]
[Site "Linares ESP"]
[Date "2014.07.30"]
[Round "9.3"]
[White "Escobar Forero, Alder"]
[Black "Gonzalez Acosta, Bernal"]
[Result "1-0"]
[WhiteElo "2460"]
[BlackElo "2458"]
[PlyCount "85"]
[EventDate "2014.07.22"]
[EventType "swiss"]
[EventRounds "9"]
[EventCountry "ESP"]
[Source "lmi"]
[SourceDate "2014.07.22"]

1. e4 c5 2. Nf3 d6 3. Bc4 Nc6 4. Nc3 g6 5. O-O Bg7 6. h3 a6 7. d3 e6 8. Bg5
Nge7 9. Qd2 h6 10. Bf4 b5 11. Bb3 b4 12. Na4 e5 13. Bh2 O-O 14. c3 a5 15. d4
exd4 16. cxd4 cxd4 17. Qf4 Ba6 18. Rfd1 Be2 19. Rd2 d3 20. Qxd6 Qxd6 21. Bxd6
Rfd8 22. Bc7 Rd7 23. Bg3 Rad8 24. Nc5 Ra7 25. Ne1 Nd4 26. Ba4 h5 27. Ncxd3 Bxd3
28. Nxd3 Bh6 29. f4 Rc7 30. Ne1 Ne6 31. Rxd8+ Nxd8 32. Rd1 Ne6 33. Nd3 Rc4 34.
Re1 Rd4 35. Bc2 Rc4 36. Bb3 Rd4 37. Ne5 Bxf4 38. Bxf4 Nxf4 39. Bxf7+ Kg7 40.
Nf3 Rd8 41. Bc4 a4 42. Rf1 Kh6 43. Ne5 1-0

[Event "5. Campeonato Iberoamericano 2014"]
[Site "Linares ESP"]
[Date "2014.07.30"]
[Round "9.4"]
[White "Ibarra Jerez, Jose Carlos"]
[Black "Fernandez Garcia, Jose Miguel"]
[Result "1/2-1/2"]
[WhiteElo "2521"]
[BlackElo "2353"]
[PlyCount "97"]
[EventDate "2014.07.22"]
[EventType "swiss"]
[EventRounds "9"]
[EventCountry "ESP"]
[Source "lmi"]
[SourceDate "2014.07.22"]

1. e4 e5 2. Bc4 Nc6 3. Nf3 Bc5 4. d3 Nf6 5. c3 a6 6. Nbd2 d6 7. O-O h6 8. Bb3
O-O 9. Re1 Be6 10. h3 Bxb3 11. axb3 Re8 12. b4 Ba7 13. Nf1 d5 14. Ng3 dxe4 15.
dxe4 Qxd1 16. Rxd1 Rad8 17. Rxd8 Rxd8 18. Kf1 Ne8 19. Ke2 Nd6 20. h4 f6 21. h5
Kf7 22. Nh4 Bb6 23. Nhf5 Ne7 24. f3 Nexf5 25. Nxf5 Nxf5 26. exf5 c6 27. Bd2 Rd7
28. Rh1 Rd8 29. Rh4 Rd7 30. Re4 Rd5 31. Be1 Rd7 32. g4 Ba7 33. Bg3 Bb6 34. f4
exf4 35. Bxf4 Re7 36. Kd3 Rxe4 37. Kxe4 Ke7 38. c4 Kd7 39. b5 axb5 40. cxb5 Bc5
41. Bd2 Kc7 42. Bc3 Kb6 43. bxc6 Kxc6 44. b3 Be7 45. Bb2 Bc5 46. Bc3 Be7 47.
Bb2 Bc5 48. Bc3 Be7 49. Bb2 1/2-1/2

[Event "5. Campeonato Iberoamericano 2014"]
[Site "Linares ESP"]
[Date "2014.07.30"]
[Round "9.5"]
[White "Hoffman, Alejandro"]
[Black "Leon Hoyos, Manuel"]
[Result "1/2-1/2"]
[WhiteElo "2450"]
[BlackElo "2517"]
[PlyCount "118"]
[EventDate "2014.07.22"]
[EventType "swiss"]
[EventRounds "9"]
[EventCountry "ESP"]
[Source "lmi"]
[SourceDate "2014.07.22"]

1. d4 Nf6 2. c4 c5 3. d5 b5 4. cxb5 a6 5. bxa6 g6 6. Nc3 Bxa6 7. e4 Bxf1 8.
Kxf1 d6 9. Nf3 Bg7 10. g3 O-O 11. Kg2 Nbd7 12. a4 Qa5 13. Bd2 Qa6 14. Re1 Ne8
15. Qc2 Nc7 16. b3 Qb7 17. Rab1 Rab8 18. Bg5 Rfe8 19. Nd2 Qa8 20. f3 Qa5 21.
Na2 Ra8 22. Nc4 Qa6 23. Bf4 Nb5 24. Be3 Reb8 25. Nc1 Nc7 26. Nd3 e6 27. dxe6
Nxe6 28. Nf4 Nc7 29. Red1 Bf8 30. Bf2 Rd8 31. h4 Rac8 32. Rd2 Nb8 33. Rbd1 Qc6
34. Ne3 Bh6 35. Nfd5 Nxd5 36. Nxd5 Bf8 37. Be3 Nd7 38. Bh6 Ne5 39. Bxf8 Kxf8
40. Qc3 f5 41. f4 Nf7 42. exf5 gxf5 43. Kh2 Re8 44. Qf6 Rb8 45. Qxf5 Rxb3 46.
Qxh7 Re6 47. Qf5 Qe8 48. Qc2 Qxa4 49. f5 Re4 50. Rd3 c4 51. Rxb3 cxb3 52. Qc8+
Re8 53. Qc3 b2 54. Rb1 Qe4 55. Nf6 Qxb1 56. Nh7+ Kg8 57. Nf6+ Kf8 58. Nh7+ Kg8
59. Nf6+ Kf8 1/2-1/2

[Event "5. Campeonato Iberoamericano 2014"]
[Site "Linares ESP"]
[Date "2014.07.30"]
[Round "9.6"]
[White "Camacho Collados, Marcos"]
[Black "Anton Guijarro, David"]
[Result "0-1"]
[WhiteElo "2440"]
[BlackElo "2631"]
[PlyCount "124"]
[EventDate "2014.07.22"]
[EventType "swiss"]
[EventRounds "9"]
[EventCountry "ESP"]
[Source "lmi"]
[SourceDate "2014.07.22"]

1. d4 Nf6 2. Nf3 b6 3. Bg5 e6 4. Nbd2 Bb7 5. e4 h6 6. Bxf6 Qxf6 7. Bd3 d6 8.
Qe2 a6 9. O-O Nd7 10. b4 g5 11. e5 Qg7 12. exd6 Bxd6 13. Be4 Bxe4 14. Qxe4 O-O
15. Qc6 Rad8 16. c3 g4 17. Ne1 Qg6 18. Ne4 e5 19. Nxd6 Qxd6 20. Qc4 exd4 21.
cxd4 b5 22. Qc3 Nf6 23. Nc2 Nd5 24. Qd2 Qf4 25. Qd3 Rfe8 26. Rfe1 h5 27. a3 Nf6
28. Re3 Rxe3 29. fxe3 Qe4 30. Qxe4 Nxe4 31. Ne1 a5 32. Rc1 axb4 33. axb4 Ra8
34. Kf1 Nd2+ 35. Ke2 Nc4 36. Nc2 f5 37. Kd3 Kf7 38. e4 fxe4+ 39. Kxe4 Ra2 40.
Kd3 Ke6 41. Re1+ Kd7 42. Re2 c6 43. Re4 Rb2 44. Kc3 Rb1 45. Ne1 Nb6 46. Re5
Nd5+ 47. Kd2 Rb2+ 48. Kc1 Rxb4 49. Nc2 Rc4 50. Kb2 Nf4 51. Kb3 Ne6 52. Rxh5
Nxd4+ 53. Nxd4 Rxd4 54. h3 gxh3 55. gxh3 Kc7 56. h4 Kb6 57. Rh8 Rd3+ 58. Kc2
Rh3 59. h5 Kc5 60. h6 Kb4 61. h7 c5 62. Kd1 Rh2 0-1

[Event "5. Campeonato Iberoamericano 2014"]
[Site "Linares ESP"]
[Date "2014.07.30"]
[Round "9.8"]
[White "Gemy, Jose Daniel"]
[Black "Ortiz Suarez, Isan Reynaldo"]
[Result "0-1"]
[WhiteElo "2330"]
[BlackElo "2592"]
[PlyCount "84"]
[EventDate "2014.07.22"]
[EventType "swiss"]
[EventRounds "9"]
[EventCountry "ESP"]
[Source "lmi"]
[SourceDate "2014.07.22"]

1. d4 f5 2. g3 Nf6 3. Bg2 g6 4. c4 Bg7 5. Nc3 O-O 6. Nh3 d6 7. d5 c6 8. Nf4 e5
9. dxe6 Na6 10. O-O Nc5 11. Rb1 a5 12. Be3 Nxe6 13. Qd2 Ng4 14. Nxe6 Bxe6 15.
Bg5 Qc7 16. h3 Ne5 17. b3 a4 18. Rfd1 axb3 19. axb3 Rfe8 20. Bh6 Bh8 21. Be3
Nf7 22. Ra1 Bg7 23. Bd4 Ne5 24. f4 Rxa1 25. Rxa1 Nd7 26. Bxg7 Kxg7 27. Qd4+ Kg8
28. Rd1 Qa5 29. Rd3 Bf7 30. Kh2 Nc5 31. Re3 Rxe3 32. Qxe3 Qb4 33. h4 h5 34. Qd4
Nxb3 35. Qf6 Qxc4 36. e4 Nd4 37. exf5 Qxc3 38. Qd8+ Kg7 39. f6+ Kh7 40. Qe7 Qb3
41. Qf8 Nf5 42. Kg1 Qe6 0-1

[Event "5. Campeonato Iberoamericano 2014"]
[Site "Linares ESP"]
[Date "2014.07.30"]
[Round "9.9"]
[White "Forcen Esteban, Daniel"]
[Black "Sos Andreu, Eric"]
[Result "0-1"]
[WhiteElo "2535"]
[BlackElo "2345"]
[PlyCount "62"]
[EventDate "2014.07.22"]
[EventType "swiss"]
[EventRounds "9"]
[EventCountry "ESP"]
[Source "lmi"]
[SourceDate "2014.07.22"]

1. e4 c6 2. Nf3 d5 3. Nc3 Nf6 4. e5 Ne4 5. Ne2 Qb6 6. d4 e6 7. Nfg1 f6 8. f3
Ng5 9. c3 c5 10. exf6 gxf6 11. Bxg5 fxg5 12. Qd2 Be7 13. O-O-O Nc6 14. Kb1 Bd7
15. Nh3 Rg8 16. dxc5 Bxc5 17. Ng3 O-O-O 18. Bd3 h6 19. Rhe1 Kb8 20. Re2 Rgf8
21. Nf2 e5 22. Bc2 e4 23. Ng4 Bxg4 24. fxg4 Ne5 25. Bb3 Nxg4 26. h3 Ne5 27. Qc2
Nd3 28. c4 Bd6 29. Nf1 Nf4 30. Ree1 Bb4 31. Re3 Bc5 0-1

[Event "5. Campeonato Iberoamericano 2014"]
[Site "Linares ESP"]
[Date "2014.07.30"]
[Round "9.10"]
[White "Ladron De Guevara Pinto, Paolo"]
[Black "Alonso Rosell, Alvar"]
[Result "0-1"]
[WhiteElo "2355"]
[BlackElo "2531"]
[PlyCount "132"]
[EventDate "2014.07.22"]
[EventType "swiss"]
[EventRounds "9"]
[EventCountry "ESP"]
[Source "lmi"]
[SourceDate "2014.07.22"]

1. e4 c6 2. Nc3 d5 3. Nf3 Nf6 4. e5 Ne4 5. d4 Nxc3 6. bxc3 c5 7. Bd3 c4 8. Be2
e6 9. h4 Nc6 10. h5 h6 11. Rh3 Qa5 12. Bd2 Bd7 13. Nh2 O-O-O 14. f4 Be7 15. Kf1
Rdg8 16. Ng4 f6 17. Kg1 fxe5 18. fxe5 Rf8 19. Nh2 Kb8 20. Rg3 Rf7 21. Bg4 Bh4
22. Rh3 Be7 23. Rg3 Bh4 24. Rh3 Be7 25. Rf3 Rhf8 26. Rxf7 Rxf7 27. Nf3 Rf8 28.
g3 Nd8 29. Kg2 Be8 30. Ng1 Qa3 31. Ne2 g5 32. hxg6 Bxg6 33. Nf4 Bh7 34. Kh2 Bg5
35. Qc1 Qa4 36. Be3 Bxc2 37. Qd2 Be4 38. Rf1 Qa3 39. Rf2 Qe7 40. Nh3 Bxe3 41.
Qxe3 Rh8 42. Bh5 Qa3 43. Qd2 Bf5 44. g4 Bb1 45. Kg3 Bxa2 46. Qxa2 Qxc3+ 47. Kg2
Qxd4 48. Qe2 c3 49. Ng1 Nc6 50. Nf3 Qf4 51. Qd3 d4 52. Re2 Rd8 53. Re4 Qc1 54.
Re1 Qf4 55. Re4 Qc1 56. Re1 Qb2+ 57. Re2 Nb4 58. Qd1 c2 59. Qd2 d3 60. Bg6 Rc8
61. Bxd3 Nxd3 62. Qxd3 c1=Q 63. Qd6+ Ka8 64. Rxb2 Qxb2+ 65. Kg3 Qb3 66. Qd7 Rf8
0-1

[Event "5. Campeonato Iberoamericano 2014"]
[Site "Linares ESP"]
[Date "2014.07.30"]
[Round "9.11"]
[White "Matamoros Franco, Carlos S"]
[Black "Baules, Jorge"]
[Result "1-0"]
[WhiteElo "2525"]
[BlackElo "2317"]
[PlyCount "139"]
[EventDate "2014.07.22"]
[EventType "swiss"]
[EventRounds "9"]
[EventCountry "ESP"]
[Source "lmi"]
[SourceDate "2014.07.22"]

1. c4 Nf6 2. g3 g6 3. Bg2 Bg7 4. Nc3 c5 5. Nf3 Nc6 6. d4 cxd4 7. Nxd4 O-O 8.
O-O Qb6 9. Nc2 Qc5 10. b3 d6 11. e4 Bg4 12. Qe1 Bd7 13. Be3 Qh5 14. f3 Rac8 15.
Nd5 Ne8 16. Rd1 e6 17. Nf4 Qe5 18. Rf2 b6 19. Nd3 Qf6 20. f4 Qe7 21. Re2 Nf6
22. Nf2 Rfd8 23. Bc1 Be8 24. Ne3 Qc7 25. Bb2 Nb8 26. Red2 Bc6 27. Neg4 Nxg4 28.
Nxg4 e5 29. f5 b5 30. cxb5 Bxb5 31. Ne3 Bc6 32. fxg6 hxg6 33. Nc4 Bf8 34. Ba3
d5 35. exd5 Bxa3 36. Nxa3 Bb7 37. Nc4 Nd7 38. Qf2 Ba6 39. d6 Qc5 40. Ne3 Kg7
41. Bf1 Bb7 42. Rc2 Qb4 43. Nc4 a5 44. Qd2 Qc5+ 45. Qe3 Qxe3+ 46. Nxe3 Rxc2 47.
Nxc2 Nf6 48. Na3 Bd5 49. Nc4 Bxc4 50. Bxc4 Ne4 51. d7 Nc3 52. Rd2 f5 53. Rc2
Ne4 54. Bb5 Kf7 55. Rc7 Ke6 56. Ra7 Nc3 57. Bc4+ Ke7 58. Rxa5 Rxd7 59. Rxe5+
Kf6 60. Re6+ Kg5 61. a4 Rd1+ 62. Kf2 Ra1 63. h4+ Kh6 64. Ke3 Ne4 65. g4 Kg7 66.
gxf5 gxf5 67. h5 Nc5 68. Rg6+ Kh7 69. Kf4 Rh1 70. Rc6 1-0